| 000 | 00870nac a22002411u 4500 | ||
|---|---|---|---|
| 010 | _a2005045893 | ||
| 020 | _a0205449700 (paperbound) | ||
| 035 | _a(OCoLC)ocm58526325 | ||
| 082 | 0 | 0 |
_a306 _bS7664 |
| 090 |
_c1596 _d1596 |
||
| 100 | _a20080729 | ||
| 245 | 0 | 0 |
_aConformity and conflict : _breadings in cultural anthropology / _c[edited by] James Spradley, David W. McCurdy. |
| 250 | _a12th ed. | ||
| 260 |
_aBoston : _bPearson/Allyn and Bacon, _cc2006. |
||
| 300 |
_axvii, 462 p. : _bill., 1 map ; _c24 cm. |
||
| 500 | _aIncludes index. | ||
| 650 | 0 | _aEthnology. | |
| 650 | 0 | _aAnthropology. | |
| 700 | 1 | _aSpradley, James P. | |
| 700 | 1 | _aMcCurdy, David W. | |
| 942 |
_cBB _k306S7664 |
||
| 999 |
_c1596 _d1596 |
||